"Wie die Zigeuner": Antisemitismus und Antiziganismus im Vergleich
Verlagsinfo: Was haben Juden mit Sinti und Roma gemein? Auf den ersten Blick wenig, und doch verbindet sie eine Verfolgungsgeschichte. Sowohl Juden wie Sinti und Roma wurden seit dem Mittelalter verdächtigt, etwa mit dem Teufel im Bunde zu stehen, Spione der Türken zu sein und Kinder zu stehlen. Wäh...
| 1. VerfasserIn: | |
|---|---|
| Medienart: | Druck Buch |
| Sprache: | Deutsch |
| Veröffentlicht: |
Berlin
Elefanten-Press
1997
|
| In: | Jahr: 1997 |
| Online-Zugang: |
Inhaltsverzeichnis Inhaltsverzeichnis |
| Bestand in Tübingen: | In Tübingen vorhanden. UB: 38 A 5331 |
| Verfügbarkeit prüfen: | HBZ Gateway |
| Subito Bestelldienst: | Jetzt bestellen. |
| Schlagwörter: |
MARC
| LEADER | 00000cam a2200000 c 4500 | ||
|---|---|---|---|
| 001 | 228093198 | ||
| 003 | DE-627 | ||
| 005 | 20260206200037.0 | ||
| 007 | tu | ||
| 008 | 970603s1997 gw ||||| 00| ||ger c | ||
| 015 | |a 97,A34,1475 |2 dnb | ||
| 016 | 7 | |a 950740756 |2 DE-101 | |
| 020 | |a 3885206161 |9 3-88520-616-1 | ||
| 035 | |a (DE-627)228093198 | ||
| 035 | |a (DE-603)051640651 | ||
| 035 | |a (DE-576)057745277 | ||
| 035 | |a (DE-599)GBV228093198 | ||
| 035 | |a (OCoLC)231703436 | ||
| 035 | |a (OCoLC)231703436 | ||
| 035 | |a (OCoLC)37366696 | ||
| 035 | |a (DE-604)8114310335 | ||
| 035 | |a (DE-H357)his7142 | ||
| 040 | |a DE-627 |b ger |c DE-627 |e rakwb | ||
| 041 | |a ger | ||
| 044 | |c XA-DE | ||
| 050 | 0 | |a DD74 | |
| 082 | 0 | |a 305.891/497043 | |
| 082 | 0 | |a 305.891497043 |q LoC |2 DDC21oclc | |
| 084 | |a 63 |2 sdnb | ||
| 084 | |a 1 |2 ssgn | ||
| 084 | |a MS 3400 |2 rvk |0 (DE-625)rvk/123680: | ||
| 084 | |a LB 48000 |2 rvk |0 (DE-625)rvk/90563:772 | ||
| 084 | |a NQ 2360 |2 rvk |0 (DE-625)rvk/128255: | ||
| 084 | |a NQ 2340 |2 rvk |0 (DE-625)rvk/128253: | ||
| 084 | |a MS 3500 |2 rvk |0 (DE-625)rvk/123682: | ||
| 084 | |a 15.96 |2 bkl | ||
| 084 | |a 15.99 |2 bkl | ||
| 084 | |a 71.62 |2 bkl | ||
| 100 | 1 | |a Wippermann, Wolfgang |d 1945-2021 |0 (DE-588)115477454 |0 (DE-627)07727640X |0 (DE-576)163594570 |4 aut | |
| 109 | |a Wippermann, Wolfgang 1945-2021 |a Vipperman, Volf'gang 1945-2021 |a Vipperman, Wolfgang 1945-2021 |a Vipperman, V. 1945-2021 |a Vippermann, Volfgang 1945-2021 |a Wippermann, W. 1945-2021 |a Bi peo man, Bol peu gang 1945-2021 |a Vipperman, W. 1945-2021 |a Vippāman, Vorufugangu 1945-2021 |a Bol peu gang Bi peo man 1945-2021 | ||
| 245 | 1 | 0 | |a "Wie die Zigeuner" |b Antisemitismus und Antiziganismus im Vergleich |c Wolfgang Wippermann |
| 263 | |a kart. : DM 39.90 | ||
| 264 | 1 | |a Berlin |b Elefanten-Press |c 1997 | |
| 300 | |a 268 S |c 20 cm | ||
| 336 | |a Text |b txt |2 rdacontent | ||
| 337 | |a ohne Hilfsmittel zu benutzen |b n |2 rdamedia | ||
| 338 | |a Band |b nc |2 rdacarrier | ||
| 490 | 0 | |a Antifa Edition | |
| 500 | |a Literaturverz. S. 244 - 263 | ||
| 520 | |a Verlagsinfo: Was haben Juden mit Sinti und Roma gemein? Auf den ersten Blick wenig, und doch verbindet sie eine Verfolgungsgeschichte. Sowohl Juden wie Sinti und Roma wurden seit dem Mittelalter verdächtigt, etwa mit dem Teufel im Bunde zu stehen, Spione der Türken zu sein und Kinder zu stehlen. Während der NS-Zeit wurden Sinti und Roma "wie die Juden" behandelt und aus vergleichbaren rassistischen Motiven zu Hunderttausenden verfolgt und ermordet. Doch diese Schicksalsgemeinschaft wurde nach 1945 geleugnet. Der Völkermord an den Sinti und Roma wurde lange Zeit nicht aufgearbeitet und noch nicht einmal anerkannt. Über kein anderes Volk wissen die Deutschen so wenig und sogleich so viel Negatives wie über die Sinti und Roma, die seit 600 Jahren hier leben. Genese, Funktion und Auswirkung der Ideologien des Antisemitismus und des Antiziganismus werden in diesem Buch zum ersten Mal im ständigen Vergleich und mit dem Ziel analysiert, zu ihrer Überwindung beizutragen. | ||
| 583 | 1 | |a Archivierung/Langzeitarchivierung gewährleistet |f SLG |x XA-DE-BW |z BfZ |2 pdager |5 DE-24 | |
| 583 | 1 | |a Archivierung/Langzeitarchivierung gewährleistet |f SSG |x XA-DE-BW |2 pdager |5 DE-21 | |
| 648 | 7 | |a Geschichte |2 gnd | |
| 650 | 0 | 7 | |0 (DE-588)4808992-8 |0 (DE-627)476603781 |0 (DE-576)216604893 |a Antiziganismus |2 gnd |
| 650 | 4 | |a Antisemitismus | |
| 650 | 4 | |a Historischer Überblick | |
| 650 | 4 | |a Holocaust/Judenvernichtung | |
| 650 | 4 | |a Völkermord/Genozid | |
| 650 | 4 | |a Zigeuner/Sinti und Roma | |
| 650 | 4 | |a Nationalsozialismus | |
| 650 | 4 | |a Vergangenheitsbewältigung | |
| 650 | 4 | |a Literaturverzeichnis/Bibliographie | |
| 650 | 4 | |a Anti-semitism | |
| 650 | 4 | |a historical overview | |
| 650 | 4 | |a persecution of Jews/Holocaust | |
| 650 | 4 | |a Genocide | |
| 650 | 4 | |a Gypsies/Romany | |
| 650 | 4 | |a National Socialism | |
| 650 | 4 | |a historical memory/historical clarification | |
| 650 | 4 | |a Bibliography | |
| 650 | 4 | |a Antisemitismus, Forschung, Roma, Juden | |
| 653 | 0 | |a a |a Racism |a Germany | |
| 653 | 0 | |a a |a Jews |a Persecutions |a Germany | |
| 653 | 0 | |a a |a Germany |a Ethnic relations | |
| 653 | 0 | |a a |a Romanies |a Germany | |
| 689 | 0 | 0 | |d s |0 (DE-588)4067777-1 |0 (DE-627)104306386 |0 (DE-576)209171359 |a Zigeuner |2 gnd |
| 689 | 0 | 1 | |d s |0 (DE-588)4127664-4 |0 (DE-627)10572310X |0 (DE-576)209595485 |a Verfolgung |2 gnd |
| 689 | 0 | 2 | |d s |0 (DE-588)4002333-3 |0 (DE-627)10639374X |0 (DE-576)208846603 |a Antisemitismus |2 gnd |
| 689 | 0 | 3 | |a z |2 gnd |a Geschichte |
| 689 | 0 | |5 DE-101 | |
| 689 | 1 | 0 | |d s |0 (DE-588)4050473-6 |0 (DE-627)106181955 |0 (DE-576)209087528 |a Roma |g Volk |2 gnd |
| 689 | 1 | 1 | |d s |0 (DE-588)4055133-7 |0 (DE-627)10615947X |0 (DE-576)209112344 |a Sinti |2 gnd |
| 689 | 1 | 2 | |d s |0 (DE-588)4028808-0 |0 (DE-627)10430670X |0 (DE-576)208979565 |a Juden |2 gnd |
| 689 | 1 | 3 | |d s |0 (DE-588)4176986-7 |0 (DE-627)105352055 |0 (DE-576)209974354 |a Rassenverfolgung |2 gnd |
| 689 | 1 | 4 | |a z |2 gnd |a Geschichte |
| 689 | 1 | |5 (DE-627) | |
| 856 | 4 | 2 | |u https://swbplus.bsz-bw.de/bsz057745277inh.htm |m B:DE-576;DE-24 |q application/pdf |v 20081202141654 |x Verlag |3 Inhaltsverzeichnis |7 1 |
| 856 | 4 | 2 | |u http://scans.hebis.de/HEBCGI/show.pl?05164065_toc.pdf |m V:DE-603;B:DE-17 |q application/pdf |3 Inhaltsverzeichnis |7 1 |
| 935 | |a mkri |a RFBW |a mteo | ||
| 935 | |i Blocktest | ||
| 935 | |h HEB |i 0501 | ||
| 935 | |h HEB |i 0503 | ||
| 936 | r | v | |a MS 3400 |b Juden; Antisemitismus |k Soziologie |k Spezielle Soziologien |k Soziologie der Minoritäten und Randgruppen |k Juden; Antisemitismus |0 (DE-627)1271441039 |0 (DE-625)rvk/123680: |0 (DE-576)201441039 |
| 936 | r | v | |a LB 48000 |b Darstellung ohne geografischen Bezug |k Sozial- und Kulturanthropologie. Empirische Kulturwissenschaft |k Soziale und politische Organisation und Praxis |k Ethnische Gruppen, Ethnizität, multikulturelle Gesellschaft |k Darstellung ohne geografischen Bezug |0 (DE-627)1270927086 |0 (DE-625)rvk/90563:772 |0 (DE-576)200927086 |
| 936 | r | v | |a NQ 2360 |b Judenverfolgung / Antisemitismus im Dritten Reich (Judenfrage) |k Geschichte |k Geschichte seit 1918 |k Drittes Reich |k Innere Geschichte |k NS-Terror |k Judenverfolgung / Antisemitismus im Dritten Reich (Judenfrage) |0 (DE-627)1270699571 |0 (DE-625)rvk/128255: |0 (DE-576)200699571 |
| 936 | r | v | |a NQ 2340 |b Allgemeines |k Geschichte |k Geschichte seit 1918 |k Drittes Reich |k Innere Geschichte |k NS-Terror |k Allgemeines |0 (DE-627)1270750798 |0 (DE-625)rvk/128253: |0 (DE-576)200750798 |
| 936 | r | v | |a MS 3500 |b Sinti und Roma |k Soziologie |k Spezielle Soziologien |k Soziologie der Minoritäten und Randgruppen |k Sinti und Roma |0 (DE-627)1271441047 |0 (DE-625)rvk/123682: |0 (DE-576)201441047 |
| 936 | b | k | |a 15.96 |j Geschichte des jüdischen Volkes außerhalb des Staates Israel |0 (DE-627)106404660 |
| 936 | b | k | |a 15.99 |j Geschichte: Sonstiges |0 (DE-627)106405438 |
| 936 | b | k | |a 71.62 |j Ethnische Beziehungen |0 (DE-627)106410423 |
| 936 | s | n | |a l100 |2 mzub |
| 936 | s | n | |a m200 |2 mzub |
| 936 | s | n | |a n100 |2 mzub |
| 951 | |a BO | ||
| ELC | |b 1 | ||
| LOK | |0 000 xxxxxcx a22 zn 4500 | ||
| LOK | |0 001 3174690137 | ||
| LOK | |0 003 DE-627 | ||
| LOK | |0 004 228093198 | ||
| LOK | |0 005 20010516000000 | ||
| LOK | |0 008 980609||||||||||||||||ger||||||| | ||
| LOK | |0 040 |a DE-21 |c DE-627 |d DE-21 | ||
| LOK | |0 852 |a DE-21 | ||
| LOK | |0 852 1 |c 38 A 5331 |9 00 | ||
| LOK | |0 938 |l 23 |8 2 | ||
| LOK | |0 939 |a 09-06-98 |b l01 | ||
| LOK | |0 000 xxxxxcx a22 zn 4500 | ||
| LOK | |0 001 3174690226 | ||
| LOK | |0 003 DE-627 | ||
| LOK | |0 004 228093198 | ||
| LOK | |0 005 20101105130329 | ||
| LOK | |0 008 050824||||||||||||||||ger||||||| | ||
| LOK | |0 040 |a DE-21-106 |c DE-627 |d DE-21-106 | ||
| LOK | |0 541 |e 117/98 | ||
| LOK | |0 689 |a s |0 131140094X |a Antisemitismus | ||
| LOK | |0 689 |a s |0 131141309X |a Antiziganismus | ||
| LOK | |0 689 |a s |0 1311408576 |a Sinti | ||
| LOK | |0 689 |a s |0 1311408584 |a Roma | ||
| LOK | |0 689 |a s |a Nationalsozialismus | ||
| LOK | |0 689 |a s |a Rassismus | ||
| LOK | |0 689 |a s |a Verfolgung | ||
| LOK | |0 689 |a s |a Deportation | ||
| LOK | |0 689 |a s |a Konzentrationslager | ||
| LOK | |0 689 |a s |a Vergleich | ||
| LOK | |0 852 |a DE-21-106 | ||
| LOK | |0 852 1 |c L IX Wip W |m p |9 00 | ||
| LOK | |0 935 |a k106 | ||
| LOK | |0 938 |k p | ||
| LOK | |0 939 |a 24-08-05 |b l01 | ||
| LOK | |0 000 xxxxxcx a22 zn 4500 | ||
| LOK | |0 001 3174691257 | ||
| LOK | |0 003 DE-627 | ||
| LOK | |0 004 228093198 | ||
| LOK | |0 005 19970311000000 | ||
| LOK | |0 008 970311||||||||||||||||ger||||||| | ||
| LOK | |0 040 |a DE-Frei85 |c DE-627 |d DE-Frei85 | ||
| LOK | |0 852 |a DE-Frei85 | ||
| LOK | |0 852 1 |m p |9 00 | ||
| LOK | |0 938 |k p | ||
| LOK | |0 939 |a 11-03-97 |b l01 | ||
| ORI | |a SA-MARC-krimdoka001.raw | ||
| SIG | |a UB: 38 A 5331 | ||
